Normal view
MARC view
- MS ACCESS 2000 ACCESS 2000
Entry Topical Term
001 - CONTROL NUMBER
- control field: 56795
003 - CONTROL NUMBER IDENTIFIER
- control field: NUST
005 - DATE AND TIME OF LATEST TRANSACTION
- control field: 20210628201757.0
008 - FIXED-LENGTH DATA ELEMENTS
- fixed length control field: 210628|| aca||aabn | a|a d
040 ## - CATALOGING SOURCE
- Original cataloging agency: NUST
- Transcribing agency: NUST
150 ## - HEADING--TOPICAL TERM
- Topical term or geographic name entry element: MS ACCESS 2000 ACCESS 2000
670 ## - SOURCE DATA FOUND
- Source citation: Work cat.: (NUST): Sutton, June 56794, Microsoft access 2000 , fast and easy, 2000
